Os Maias (Record no. 1966)

MARC details
000 -Etiqueta do registo
Valores 00772cam a2200265 4500
010 ## - Número ISBN
ISBN 9789725681367
021 ## - Número do Depósito Legal
Código do país Portugal
Número 153493/00
100 ## - Dados gerais de processamento
Dados gerais 20251118d2000 m||y0pory5003 ba
101 0# - Língua de publicação
Língua Português
102 ## - País de publicação
País Portugal
200 ## - Titulo e menção de responsabilidade
Título próprio Os Maias
Informação de outro título episódios da vida romântica
Primeira menção de responsabilidade Eça de Queirós
Outras menções de responsabilidade Introdução Esther de Lemos
205 ## - Menção da edição
Edição 11ª edição
210 #9 - Publicação
Local de publicação [s.l]
Nome do editor Ulisseia
Data de publicação 2000
215 ## - Descrição física 
Paginação / Volumes 681, p.
Dimensões 19 cm
225 ## - Colecção 
Título próprio da colecção Biblioteca Ulisseia de autores portugueses
Indicação de volume 15
300 ## - Notas gerais 
Texto da nota BMB-Registado
606 ## - Nome comum usado como assunto
ID Autoridade 776
Palavra de ordem Literatura Portuguesa
606 ## - Nome comum usado como assunto
ID Autoridade 779
Palavra de ordem Romance
675 ## - CDU
Notação 821.134.3-31
Edição BMB
Língua por
700 ## - Autor principal (pessoa individual)
Apelido Queirós
Nome Eça de
Datas 1845-1900
ID Autoridade 1221
702 ## - Autor secundário (pessoa individual)
ID Autoridade 2822
Apelido Lemos
Função Autor da introdução (prefaciador)
Nome Esther de
801 ## - Fonte de origem
País PT
Agência BMB
Regras de catalogação RPC
990 ## - Elementos KOHA
Tipo de documento Livro
Holdings
Situação do levantamento Estado Número Biblioteca de origem Código de barras Cota Permissão de empréstimo Tipo de documento Forma de aquisição
    1 Biblioteca Municipal de Borba 1915 821.134.3-31 QUE / MAI   Livro Oferta
Biblioteca Municipal de Borba

Powered by Koha